banner koha

Flora das cangas da Serra dos Carajás, Pará, Brasil: Acanthaceae (Registro n. 331421)

MARC details
000 -LÍDER
fixed length control field 02239nab a2200265 i 4500
003 - CÓDIGO MARC DA AGÊNCIA CATALOGADORA
Campo de controle BR-BrBNA
005 - DATA E HORA DA ÚLTIMA ATUALIZAÇÃO
Campo de controle 20250512112231.0
008 - CAMPO DE TAMANHO FIXO
fixed length control field 250512b2017 bl.qr|pooa||| 00| 0 por |
040 ## - FONTE DA CATALOGAÇÃO
Agência catalogadora BR-BrBNA
Idioma da catalogação por
072 ## - CATEGORIA AGRIS
Código AGRIS F70
100 ## - ENTRADA PRINCIPAL - NOME PESSOAL
Nome pessoal Reis, Agirlayne de Souza
100 ## - ENTRADA PRINCIPAL - NOME PESSOAL
Nome pessoal Gil, André dos Santos Bragança
100 ## - ENTRADA PRINCIPAL - NOME PESSOAL
Nome pessoal Kameyama, Cíntia
245 ## - TÍTULO PRINCIPAL
Título principal Flora das cangas da Serra dos Carajás, Pará, Brasil: Acanthaceae
500 ## - NOTA GERAL
Nota geral Publicação on-line; 23 ref.; 6 illus.; Summaries (En, Pt)
942 ## - ADDED ENTRY ELEMENTS (KOHA)
Koha item type Analítica
520 ## - NOTA DE RESUMO
Nota de conteúdo <br/><br/>Resumo<br/><br/>Foram encontradas 14 espécies pertencentes a três gêneros de Acanthaceae nas formações de canga da<br/>Serra dos Carajás, Pará, Brasil: Justicia apresenta maior diversidade, com nove espécies, sendo que cinco<br/>são endêmicas para a Serra de Carajás, seguido de Ruellia, com quatro, sendo uma endêmica do Pará, e<br/>Mendoncia, com somente uma espécie. São apresentadas descrições morfológicas, chaves de identificação,<br/>comentários, distribuição geográfica, ilustrações das espécies e uma nova combinação: Justicia divergens<br/>(Nees) A.S. Reis, A. Gil & C. Kameyama.<br/><br/>Palavras-chave: Amazônia, FLONA Carajás, taxonomia.<br/><br/><br/><br/><br/><br/>Abstract<br/><br/>Fourteen species belonging to three genera of Acanthaceae were found in the canga formations of Serra dos<br/>Carajás, Pará, Brazil. The genus Justicia is the most numerous, with nine species (five endemic to Serra dos<br/>Carajás), followed by Ruellia, with four species (one endemic to the state of Pará), and a single species of<br/>Mendoncia. Descriptions, identification keys, comments, geographic distribution, illustrations of the species<br/>and a new combination: Justicia divergens (Nees) A.S. Reis, A. Gil & C. Kameyama are presented.<br/><br/>Key words: Amazon, FLONA Carajás, taxonomy.
650 ## - ASSUNTO - THESAGRO
Cabeçalho tópico ou nome geográfico AMAZÔNIA
650 ## - ASSUNTO - THESAGRO
Cabeçalho tópico ou nome geográfico CARAJÁS
650 ## - ASSUNTO - THESAGRO
Cabeçalho tópico ou nome geográfico TAXONOMIA
650 ## - ASSUNTO - THESAGRO
Cabeçalho tópico ou nome geográfico ACANTHACEAE
773 0# - ENTRADA ANALÍTICA
Host Biblionumber 709
Registro do item 350025
Imprenta Rio de Janeiro-RJ Jardim Botanico do Rio de Janeiro 1935
Outro identificador 2025-2634
Título Rodriguésia (Brazil)
ISSN 0370-6583; 2175-7860 on-line
Colação v. 68(3 special number) p. 887-903; (2017)
Número de controle de registro BR2025000914
856 ## - ACESSO E ENDEREÇO ELETRÔNICO
Identificador uniforme de recurso - URI https://www.scielo.br/j/rod/a/rys5CYYWwJrKSyMnRKdRp7t/?format=pdf&lang=pt

Nenhum exemplar disponível.

BINAGRI

Telefone: (61)3218-2567/2388/3357/2097 - binagri@agro.gov.br

Ministério da Agricultura e Pecuária , Esplanada dos Ministérios, Bloco D, Anexo B, Brasília/DF, CEP: 70.043-900